[Event "Cto Equipos Aragón 2012 Div H. Descenso"]
[Site "Aragon"]
[Date "2012.03.24"]
[Round "8.20"]
[White "Mancho Fondevila Jorge"]
[Black "Escuer Sanchez Nestor"]
[Result "1/2-1/2"]
[WhiteElo "1852"]
[BlackElo "2099"]

1.d4 Nf6 2.Nf3 c5 3.e3 e6 4.Bd3 b6 5.Nbd2 Ba6 6.c4 Be7 7.O-O Nc6 8.b3 d5 9.Bb2
O-O 10.Ne5 Nb4 11.Be2 Bb7 12.f4 Ne4 13.Nxe4 dxe4 14.a3 Nc6 15.Nxc6 Bxc6 16.Qc2
Qc7 17.Rad1 Rad8 18.dxc5 Bxc5 19.Qc3 f6 20.b4 Be7 21.b5 Bb7 22.Bg4 Bc8 23.a4
Bc5 24.Be2 Rxd1 25.Bxd1 Rd8 26.Bc2 Bb7 27.g3 Rd7 28.Rd1 Rxd1+ 29.Bxd1 Qd6 30.
Be2 Bc8 31.Kf2 Kf8 32.Qc2 Bb7 33.Qd1 Ke7 34.Qxd6+ Kxd6 35.Bc3 h6 36.Bh5 Ba3
37.Be2 Bc8 38.Bg4 Bd7 39.Bd4 1/2-1/2

[Event "Cto Equipos Aragón 2012 Div H. Descenso"]
[Site "Aragon"]
[Date "2012.03.24"]
[Round "8.22"]
[White "Martinez Cebolla Alberto"]
[Black "Carraminana Lopez Luis Antonio"]
[Result "1-0"]
[WhiteElo "2081"]
[BlackElo "2047"]

1.e4 c5 2.Nf3 Nc6 3.Bb5 g6 4.c3 Bg7 5.d4 cxd4 6.cxd4 Nf6 7.Nc3 d5 8.Ne5 Bd7 9.
exd5 Nxe5 10.dxe5 Bxb5 11.exf6 Bxf6 12.Nxb5 Qa5+ 13.Nc3 Bxc3+ 14.bxc3 Qxc3+
15.Bd2 1-0

[Event "Cto Equipos Aragón 2012 Div H. Descenso"]
[Site "Aragon"]
[Date "2012.03.24"]
[Round "8.23"]
[White "Gil Capape Marco Antonio"]
[Black "Garcia Monterde Francisco Jose"]
[Result "1-0"]
[WhiteElo "2059"]
[BlackElo "2013"]

1.e4 c5 2.Nc3 a6 3.f4 b5 4.Nf3 Bb7 5.d3 e6 6.g4 Nc6 7.Bg2 Nd4 8.Be3 Nxf3+ 9.
Qxf3 Qc7 10.O-O b4 11.Ne2 f5 12.gxf5 exf5 13.Qh3 fxe4 14.Qh5+ g6 15.Qe5+ Qxe5
16.fxe5 d5 17.dxe4 dxe4 18.Rad1 Nh6 19.Rxf8+ Rxf8 20.Bxh6 Rf5 21.Bg7 Rd8 22.
Rxd8+ Kxd8 23.Bf6+ Ke8 24.Bh3 Rf3 25.Bg4 Rxf6 26.exf6 Kf7 27.Kf2 Kxf6 28.Ke3
Ke5 29.Bh3 h5 30.Nf4 Kf6 31.Bg2 Kf5 32.h4 Bc6 33.Bh3+ Kf6 34.Bc8 a5 35.Be6 a4
36.a3 g5 37.hxg5+ Kxg5 38.Nd5 bxa3 39.bxa3 Kh4 40.Kf4 Be8 41.Ne3 Bg6 42.Ng2#
1-0

[Event "Cto Equipos Aragón 2012 Div H. Descenso"]
[Site "Aragon"]
[Date "2012.03.24"]
[Round "8.24"]
[White "Jimenez Fernandez Alejandro"]
[Black "Galvez Perez Jose Luis"]
[Result "1-0"]
[WhiteElo "1980"]
[BlackElo "1979"]

1.d4 Nf6 2.c4 c5 3.d5 b5 4.cxb5 a6 5.bxa6 g6 6.Nc3 Bxa6 7.g3 d6 8.Bg2 Bg7 9.
Nf3 Nbd7 10.O-O Nb6 11.Rb1 Bc4 12.Nh4 Bxa2 13.Nxa2 Rxa2 14.e4 O-O 15.f4 Nfd7
16.Qg4 Nc4 17.Bh3 Ndb6 18.f5 Ne5 19.Qg5 h6 20.Qe3 Nbc4 21.Qb3 Ra6 22.fxg6 fxg6
23.Nxg6 Rb6 24.Be6+ Kh7 25.Nxf8+ Bxf8 26.Qd1 Qe8 27.Qe2 Bg7 28.Kh1 Rb3 29.Qf2
Nf3 30.Qc2 Qh5 31.Bg4 Nd4 32.Qxb3 Qxg4 33.Qd3 Ne5 34.Qe3 Qh3 35.Bd2 Bf6 36.g4
Ndf3 37.Rxf3 Nxf3 38.Qf4 Nxd2 39.Qxd2 Qxg4 40.Qg2 Qh4 41.Rg1 Bg5 42.Qg4 Qf2
43.Qf5+ Qxf5 44.exf5 Bf6 45.b3 Bg7 46.Rg6 Kg8 47.Kg2 Kf7 48.Kf3 1-0

[Event "Cto Equipos Aragón 2012 Div H. Descenso"]
[Site "Aragon"]
[Date "2012.03.24"]
[Round "8.25"]
[White "Villuendas Valero Adrian"]
[Black "Valiente Roy Jose Javier"]
[Result "1-0"]
[WhiteElo "2287"]
[BlackElo "2005"]

1.d4 d5 2.Bf4 c5 3.e4 dxe4 4.d5 Nf6 5.Nc3 a6 6.Qe2 g6 7.O-O-O Bg7 8.h3 O-O 9.
g4 b5 10.Bg2 Nbd7 11.Nxe4 Nxe4 12.Qxe4 Bb7 13.Qe3 Re8 14.Qg3 Qa5 15.Kb1 Qb4
16.Bc1 Rac8 17.Ne2 Nb6 18.c3 Qa5 19.h4 b4 20.h5 Qb5 21.hxg6 Qxe2 22.Rde1 Qc4
23.Qh3 h5 24.gxf7+ Kxf7 25.Re4 hxg4 26.Qh5+ Kg8 27.Rxc4 Nxc4 28.Qh7+ Kf7 29.
Qf5+ 1-0

[Event "Cto Equipos Aragón 2012 Div H. Descenso"]
[Site "Aragon"]
[Date "2012.03.24"]
[Round "8.26"]
[White "Munoz Suarez Luis Alberto"]
[Black "Colom Sienes Eduardo"]
[Result "1-0"]
[WhiteElo "1994"]
[BlackElo "2032"]

1.e4 e6 2.d4 d5 3.e5 c5 4.c3 Nc6 5.Nf3 Qb6 6.Bd3 Nh6 7.dxc5 Bxc5 8.O-O Ng4 9.
Qe2 f6 10.exf6 Nxf6 11.Bf4 O-O 12.b4 Be7 13.b5 Nd8 14.Ne5 Ne4 15.Bxe4 Rxf4 16.
Bd3 a6 17.Qh5 Rf5 18.Bxf5 exf5 19.Qe8+ Bf8 20.Nd2 Be6 21.bxa6 Qxa6 22.Qh5 Qa5
23.Ndf3 Qxc3 24.Ng5 h6 25.Nxe6 Qxe5 26.Nxf8 Kxf8 27.Rae1 1-0

[Event "Cto Equipos Aragón 2012 Div H. Descenso"]
[Site "Aragon"]
[Date "2012.03.24"]
[Round "8.27"]
[White "Sanmartin Agustin Alvaro"]
[Black "Martin Barbero Roberto"]
[Result "1-0"]
[WhiteElo "2026"]
[BlackElo "1990"]

1.e4 c5 2.Nc3 g6 3.g3 Bg7 4.Bg2 Nc6 5.d3 Nf6 6.f4 d6 7.h3 O-O 8.Nge2 Bd7 9.O-O
Rb8 10.g4 b5 11.g5 Ne8 12.f5 Nc7 13.Nf4 Nd4 14.Ncd5 Nxd5 15.Nxd5 Be5 16.f6 e6
17.Ne7+ Kh8 18.c3 Nc6 19.Nxc6 Bxc6 20.d4 cxd4 21.cxd4 Qb6 22.Be3 d5 23.exd5
Bxd5 24.Bxd5 exd5 25.Qg4 Rbe8 26.Bf2 Bb8 27.Rfe1 Qd6 28.Rxe8 Qh2+ 29.Kf1 Rxe8
30.Re1 Rxe1+ 31.Kxe1 Qh1+ 32.Bg1 h5 33.gxh6 Bh2 34.Kf2 Bxg1+ 35.Qxg1 Qxh3 36.
Qg5 Qe6 37.Qe5 Qxe5 38.dxe5 Kg8 39.Ke3 g5 40.b4 1-0

[Event "Cto Equipos Aragón 2012 Div H. Descenso"]
[Site "Aragon"]
[Date "2012.03.24"]
[Round "8.28"]
[White "Navarro Castan Jesus"]
[Black "Sacristan Latorre Alberto"]
[Result "0-1"]
[WhiteElo "1875"]
[BlackElo "1989"]

1.e4 c5 2.Nf3 d6 3.d4 cxd4 4.Nxd4 Nf6 5.Nc3 a6 6.Be3 e5 7.Nb3 Be6 8.f3 Nbd7 9.
Qd2 b5 10.O-O-O Nb6 11.Qf2 Nc4 12.Bxc4 Bxc4 13.g4 Be7 14.g5 Nh5 15.h4 O-O 16.
Nd5 Bxd5 17.Rxd5 Qc7 18.Kb1 Rac8 19.Bb6 Qc4 20.Na5 Qa4 21.Rd3 b4 22.a3 Nf4 23.
Rb3 d5 24.Nb7 d4 25.Bc5 Bxc5 26.Nxc5 Rxc5 27.Rxb4 Qc6 28.h5 Rc8 29.Rh2 a5 30.
Rb3 a4 31.Rb4 Rb5 32.Qd2 Rcb8 33.h6 Rxb4 34.axb4 g6 35.Rh1 Qc4 0-1

[Event "Cto Equipos Aragón 2012 Div H. Descenso"]
[Site "Aragon"]
[Date "2012.03.24"]
[Round "8.29"]
[White "Del Corral Abancens Alfonso"]
[Black "Lamas Mercadal Manuel"]
[Result "0-1"]
[WhiteElo "1935"]
[BlackElo "2202"]

1.e4 c5 2.d4 cxd4 3.c3 dxc3 4.Nxc3 Nc6 5.Nf3 d6 6.Bc4 a6 7.Qe2 Nf6 8.h3 e6 9.
O-O b5 10.Bb3 Ra7 11.Rd1 Rd7 12.a3 Be7 13.Be3 O-O 14.Rac1 Bb7 15.Ba2 Re8 16.b4
d5 17.exd5 Nxd5 18.Nxd5 exd5 19.Qd3 Bf6 20.Bf4 Ne5 21.Bxe5 Bxe5 22.Qf5 g6 23.
Qd3 d4 24.Rc5 Bg7 25.h4 Bd5 26.Rxd5 Rxd5 27.Ng5 Rxg5 28.hxg5 Qxg5 29.Qf3 Qf6
30.Qb7 Re2 31.Qa8+ Bf8 32.Bd5 Qxf2+ 33.Kh1 Kg7 34.Qxa6 Qh4+ 35.Kg1 Re1+ 36.
Rxe1 Qxe1+ 37.Kh2 Qe5+ 0-1

[Event "Cto Equipos Aragón 2012 Div H. Descenso"]
[Site "Aragon"]
[Date "2012.03.24"]
[Round "8.30"]
[White "Llanes Luno Pedro Alfredo"]
[Black "Munoz Bornao Miguel Angel"]
[Result "1-0"]
[WhiteElo "2148"]
[BlackElo "1788"]

1.e4 c5 2.Nf3 e6 3.d4 cxd4 4.Nxd4 a6 5.Bd3 Nc6 6.Nxc6 dxc6 7.O-O e5 8.Nd2 Nf6
9.Nc4 Qc7 10.Be3 b5 11.Nb6 Rb8 12.Nxc8 Rxc8 13.a4 Be7 14.axb5 cxb5 15.Rxa6 O-O
16.Ra7 Qd8 17.Bxb5 Bc5 18.Qxd8 Rfxd8 19.Bxc5 Rxc5 20.Bd3 g6 21.Rfa1 Rb8 22.b3
Ne8 23.Ra8 Rcc8 24.Rxb8 Rxb8 25.Ra5 f6 26.Bc4+ Kg7 27.Ra7+ Kh6 28.Bd5 Nd6 29.
Kf1 Nb5 30.Ra8 Rxa8 31.Bxa8 Nd4 32.b4 Nxc2 33.b5 Nb4 34.Ke2 f5 35.Kd2 fxe4 36.
Bxe4 Kg5 37.Kc3 Na2+ 38.Kb2 Nb4 39.Kb3 1-0

[Event "Cto Equipos Aragón 2012 Div H. Descenso"]
[Site "Aragon"]
[Date "2012.03.24"]
[Round "8.31"]
[White "Ballonga Arruebo Alejandro"]
[Black "Roche Simon Manuel Angel"]
[Result "0-1"]
[WhiteElo "1704"]
[BlackElo "2134"]

1.c4 e5 2.Nc3 d6 3.Nf3 f5 4.e4 Nf6 5.d4 exd4 6.Qxd4 Be7 7.Bd3 Nc6 8.Qe3 Ng4 9.
Qe2 O-O 10.O-O f4 11.Nd5 Nge5 12.Bxf4 Bg4 13.Qe3 Bxf3 14.gxf3 Nd4 15.Be2 Nxe2+
16.Qxe2 Bg5 17.Bxe5 dxe5 18.Rad1 Qe8 19.f4 Bxf4 20.Qg4 Rf7 21.Rd3 Qc6 22.Rfd1
Raf8 23.b3 Qc5 24.Qe6 Kh8 25.b4 Bxh2+ 26.Kh1 Qxf2 27.Ne7 Bf4 28.Rh3 Bh6 29.Nf5
Qe2 30.Qd5 Bf4 31.Rg1 c6 32.Qd3 Qxd3 33.Rxd3 0-1

[Event "Cto Equipos Aragón 2012 Div H. Descenso"]
[Site "Aragon"]
[Date "2012.03.24"]
[Round "8.32"]
[White "Campo Millan Diego"]
[Black "Santos Hernandez Higinio"]
[Result "1/2-1/2"]
[WhiteElo "2091"]
[BlackElo "1616"]

1.e4 c5 2.Nc3 d6 3.g3 Nf6 4.Bg2 Nc6 5.f4 Bg4 6.Nf3 e6 7.d3 Be7 8.h3 Bxf3 9.
Qxf3 Nd4 10.Qf2 Qc7 11.O-O a6 12.g4 O-O 13.g5 Nd7 14.f5 Rab8 15.f6 gxf6 16.
gxf6 Bxf6 17.Bh6 Kh8 18.Bxf8 Rxf8 19.Kh1 Bg7 20.Qd2 Ne5 21.Ne2 Ng6 22.c3 Nxe2
23.Qxe2 Be5 24.Rad1 Nf4 25.Qf3 Rg8 26.Rg1 d5 27.Bf1 Rxg1+ 28.Kxg1 d4 29.c4 Qe7
30.Kh1 Qc7 31.Bg2 b5 32.cxb5 axb5 33.Rc1 c4 34.Bf1 c3 35.bxc3 dxc3 36.d4 Bxd4
37.Bxb5 Qe5 1/2-1/2

[Event "Cto Equipos Aragon 2012 Preferente A"]
[Site "Aragon"]
[Date "2012.03.24"]
[Round "8.33"]
[White "Lana Rodriguez David"]
[Black "Neila Castillo Miguel Angel"]
[Result "1/2-1/2"]
[WhiteElo "2243"]
[BlackElo "2071"]

1.e4 e5 2.Nf3 Nf6 3.Nxe5 d6 4.Nf3 Nxe4 5.Nc3 d5 6.Bd3 f5 7.O-O Be7 8.Qe2 c6 9.
Ne5 Qd6 10.f4 O-O 11.Nd1 Bf6 12.b3 Nd7 13.Nxd7 Bxd7 14.c3 Rae8 15.Qf3 b5 16.b4
a5 17.a3 axb4 18.axb4 Ra8 19.Rxa8 Rxa8 20.Ne3 Ra2 21.Qd1 d4 22.Ng4 fxg4 23.
Bxe4 dxc3 24.dxc3 Qxd1 25.Rxd1 Be8 26.Bd2 h5 1/2-1/2

[Event "Cto Equipos Aragon 2012 Preferente A"]
[Site "Aragon"]
[Date "2012.03.24"]
[Round "8.34"]
[White "Pes Mateo Angel"]
[Black "Aparicio Navarro Pedro"]
[Result "0-1"]
[WhiteElo "2069"]
[BlackElo "2181"]

1.d4 Nf6 2.Nf3 c5 3.c3 b6 4.Bf4 g6 5.e3 Bg7 6.h3 O-O 7.Be2 Bb7 8.O-O d6 9.a4
Nbd7 10.Na3 Re8 11.Qb3 Ne4 12.Ng5 Nxg5 13.Bxg5 Nf6 14.Rad1 Qc8 15.Bc4 d5 16.
Be2 e6 17.Bf4 c4 18.Qc2 a6 19.f3 Qc6 20.Ra1 b5 21.a5 Nh5 22.Bh2 e5 23.Qd2 exd4
24.exd4 Qe6 25.Rfe1 Qe3+ 26.Qxe3 Rxe3 27.Nc2 Re7 28.g4 Nf6 29.Bf4 Rae8 30.Kf2
Nd7 31.Bd2 Nb8 32.Nb4 Re6 33.f4 Nc6 34.Nc2 b4 35.Bf3 Rxe1 36.Bxe1 b3 37.Ne3
Nxd4 38.Bxd5 Bxd5 39.Nxd5 Ne6 40.Bd2 Nc5 41.Ne3 Nd3+ 42.Kf3 Nxb2 43.Rb1 Na4
44.Nxc4 b2 45.Nb6 Bxc3 46.Bxc3 Nxc3 47.Rxb2 Nb5 48.Rd2 Re1 49.Rd8+ Kg7 50.Ra8
Nc7 51.Ra7 Rc1 52.Nd7 Rc3+ 53.Ke4 Nb5 54.Rxa6 Rxh3 55.Rb6 Nc3+ 56.Ke5 Na4 57.
Rb4 Ra3 58.Nb6 Nc3 59.Nc4 Ra1 60.Rb7 Ra4 61.Rc7 h5 62.gxh5 gxh5 63.Kd4 Nb5+
0-1

[Event "Cto Equipos Aragon 2012 Preferente A"]
[Site "Aragon"]
[Date "2012.03.24"]
[Round "8.35"]
[White "Guzman Moneo Alberto"]
[Black "Andres Terrado Miguel Angel"]
[Result "1/2-1/2"]
[WhiteElo "2172"]
[BlackElo "2069"]

1.e4 c5 2.Nc3 Nc6 3.f4 g6 4.Nf3 Bg7 5.Bc4 d6 6.O-O e6 7.f5 exf5 8.d3 Ne5 9.
Bb5+ Bd7 10.Bxd7+ Qxd7 11.exf5 O-O-O 12.Bg5 Nxf3+ 13.Qxf3 Bd4+ 14.Kh1 f6
1/2-1/2

[Event "Cto Equipos Aragon 2012 Preferente A"]
[Site "Aragon"]
[Date "2012.03.24"]
[Round "8.36"]
[White "Dominguez Luzon Fernando"]
[Black "Navarro Alonso Jorge"]
[Result "0-1"]
[WhiteElo "2004"]
[BlackElo "2154"]

1.d4 d5 2.Nf3 e6 3.c4 c6 4.Nc3 Nf6 5.e3 Nbd7 6.Qc2 Bd6 7.Be2 O-O 8.O-O Qe7 9.
e4 dxe4 10.Nxe4 Nxe4 11.Qxe4 e5 12.Bg5 f6 13.Bd3 g6 14.dxe5 Nxe5 15.Nxe5 Qxe5
16.Qxe5 Bxe5 17.Rae1 Bxb2 18.Bh6 Rd8 19.Bc2 Be5 20.Be3 b6 21.c5 b5 22.Be4 Bd7
23.Rb1 a5 24.Rfd1 Rac8 25.Kf1 Bf5 26.Bxf5 gxf5 27.Ke2 b4 0-1

[Event "Cto Equipos Aragon 2012 Preferente A"]
[Site "Aragon"]
[Date "2012.03.24"]
[Round "8.37"]
[White "Planas Torrea Francisco Javier"]
[Black "Antonano Fedz-Quincoces Avelin"]
[Result "0-1"]
[WhiteElo "2007"]
[BlackElo "2127"]

1.d4 e6 2.c4 f5 3.Nc3 Nf6 4.Nf3 Bb4 5.Bg5 Bxc3+ 6.bxc3 O-O 7.e3 Qe8 8.Bxf6
Rxf6 9.g3 d6 10.Bg2 Nc6 11.O-O e5 12.Qb3 Kh8 13.Nd2 f4 14.exf4 exf4 15.Rae1
Qh5 16.Qd1 Bg4 17.f3 Rh6 18.gxf4 Qxh2+ 19.Kf2 Bh3 20.Rg1 Rg6 21.d5 Bxg2 22.
dxc6 Bf1+ 0-1

[Event "Cto Equipos Aragon 2012 Preferente A"]
[Site "Aragon"]
[Date "2012.03.24"]
[Round "8.38"]
[White "Juberias Segura Santiago"]
[Black "Planas Torrea Alberto"]
[Result "1-0"]
[WhiteElo "2045"]
[BlackElo "1920"]

1.c4 e5 2.g3 Nf6 3.Bg2 c6 4.Nc3 Bb4 5.Qb3 Qe7 6.d3 O-O 7.Bg5 Bxc3+ 8.Qxc3 h6
9.Bxf6 Qxf6 10.Nf3 Re8 11.Nd2 Na6 12.Ne4 Qe7 13.c5 b6 14.b4 bxc5 15.bxc5 Rb8
16.Nd6 Rf8 17.O-O Nc7 18.Qa5 Qd8 19.Qxa7 Ra8 20.Qb6 Ne6 21.a4 Ra6 22.Qb4 Qa5
23.Rfb1 Nxc5 24.Qc4 Ra8 25.Bh3 Ba6 26.Qb4 Qxb4 27.Rxb4 Rfd8 28.Rab1 Kf8 29.
R1b2 g6 30.f4 Bxd3 31.fxe5 g5 32.exd3 Nxd3 33.Nb7 Rdb8 34.Bxd7 Nxb2 35.Rxb2
Rxa4 36.Bxc6 Rba8 37.Bxa4 Rxa4 38.Nd6 1-0

[Event "Cto Equipos Aragon 2012 Preferente A"]
[Site "Aragon"]
[Date "2012.03.24"]
[Round "8.39"]
[White "Marcellan Peire Jesus Eduardo"]
[Black "Najera De Miguel Pedro Jesus"]
[Result "1-0"]
[WhiteElo "1865"]
[BlackElo "1988"]

1.d4 d5 2.c4 c6 3.Nc3 Nf6 4.cxd5 cxd5 5.Bg5 Ne4 6.Bf4 Nc6 7.e3 Qa5 8.Qb3 e6 9.
f3 Nxc3 10.bxc3 Bd7 11.Bd3 a6 12.Ne2 b5 13.O-O Qa3 14.Qb1 Rc8 15.e4 g6 16.exd5
exd5 17.Re1 Be6 18.Bc1 Qa5 19.Nf4 Kd7 20.Bb2 Bd6 21.Nxe6 fxe6 22.Qd1 Qc7 23.h3
Bg3 24.Re2 Qb6 25.a4 b4 26.Qb3 a5 27.Bb5 bxc3 28.Bxc3 Rhe8 29.Rc1 Rc7 30.Rb2
Kd8 31.Bxc6 Qxc6 32.Rcc2 Qc4 33.Bxa5 Qxd4+ 34.Rf2 Bxf2+ 35.Rxf2 Qc5 36.Bxc7+
Qxc7 37.Rc2 Qa7+ 38.Kh1 Re7 39.Qc3 Qd7 40.Qa5+ Ke8 41.Qa8+ Kf7 42.a5 d4 43.Qh8
d3 44.Qxh7+ Kf6 45.Qh8+ Kf5 46.g4+ Kf4 1-0

[Event "Cto Equipos Aragon 2012 Preferente A"]
[Site "Aragon"]
[Date "2012.03.24"]
[Round "8.40"]
[White "Solanas Godes Beatriz"]
[Black "Galvez Longas Isaac"]
[Result "1/2-1/2"]
[WhiteElo "1881"]
[BlackElo "1686"]

1.e4 d5 2.exd5 Qxd5 3.Nc3 Qa5 4.d4 c6 5.Nf3 Nf6 6.Bd2 Qc7 7.Bd3 Bg4 8.h3 Bh5
9.g4 Bg6 10.Bxg6 hxg6 11.Qe2 e6 12.O-O-O Bb4 13.a3 Bxc3 14.Bxc3 Nd5 15.Bd2 Nd7
16.Bg5 N7f6 17.Ne5 O-O-O 18.Qf3 Rdf8 19.c4 Nb6 20.Bxf6 gxf6 21.Qxf6 Nd7 22.Qe7
Nxe5 23.Qxc7+ Kxc7 24.dxe5 Rd8 25.Rxd8 Kxd8 26.h4 Ke7 27.Kd2 f6 28.exf6+ Kxf6
29.Ke3 c5 30.f4 e5 31.fxe5+ Kxe5 32.h5 Kf6 33.Rf1+ Kg7 34.hxg6 Re8+ 35.Kd3
Kxg6 36.Rf5 b6 37.b4 cxb4 38.axb4 Ra8 39.b5 a5 40.bxa6 Rxa6 41.Rb5 Ra3+ 42.Ke4
Rc3 43.Rxb6+ Kg5 44.Kd5 Kxg4 45.c5 Kf5 46.Kd6 Kf6 47.Kd7+ Kf7 48.c6 Rd3+ 49.
Kc7 Rc3 50.Rb5 Ke6 51.Rh5 Rb3 52.Rh6+ Ke7 53.Rh7+ Ke8 54.Rd7 Rb2 55.Rd8+ Ke7
56.Rd7+ Ke8 57.Rd8+ Ke7 58.Rd7+ Ke8 59.Rd8+ Ke7 60.Rd7+ Ke8 1/2-1/2

[Event "Cto Equipos Aragon 2012 Preferente A"]
[Site "Aragon"]
[Date "2012.03.24"]
[Round "8.41"]
[White "Gracia Campo Carlos Alberto"]
[Black "Ferreruela Romero Jose Joaquin"]
[Result "0-1"]
[WhiteElo "2042"]
[BlackElo "2020"]

1.e4 c6 2.d4 d5 3.exd5 cxd5 4.c4 Nf6 5.Nc3 e6 6.Nf3 Bb4 7.Bd2 O-O 8.Bd3 Nc6 9.
c5 e5 10.dxe5 Re8 11.O-O Nxe5 12.Nxe5 Rxe5 13.Na4 Bg4 14.f3 Bxd2 15.Qxd2 Bd7
16.Bc2 Qc7 17.b4 Rh5 18.g3 Rd8 19.Qd4 Rh3 20.Kg2 h5 21.Qf4 Qxf4 22.gxf4 d4 23.
f5 d3 24.Kxh3 dxc2 25.Nc3 Bxf5+ 26.Kg3 Rd4 27.a3 h4+ 28.Kf2 Rd2+ 29.Kg1 Rd3
30.Ne4 Nxe4 31.fxe4 Bxe4 32.Rfe1 f5 33.Kf2 Rf3+ 34.Ke2 Rh3 35.Kd2 Rxh2+ 36.Re2
Rh3 37.Re3 Rxe3 38.Kxe3 h3 39.b5 h2 40.Kd2 Kf7 41.a4 Ke7 42.a5 h1=Q 43.Rxh1
Bxh1 44.c6 Bxc6 45.bxc6 bxc6 46.Kxc2 Kd6 0-1

[Event "Cto Equipos Aragon 2012 Preferente A"]
[Site "Aragon"]
[Date "2012.03.24"]
[Round "8.42"]
[White "Sanmiguel Mateo Luis"]
[Black "Galve Guinea Alejandro"]
[Result "0-1"]
[WhiteElo "1958"]
[BlackElo "2033"]

1.e4 Nf6 2.e5 Nd5 3.c4 Nb6 4.c5 Nd5 5.Nc3 e6 6.d4 Nxc3 7.bxc3 b6 8.cxb6 axb6
9.Nf3 Be7 10.Bd3 Ba6 11.c4 Nc6 12.Bd2 Nb4 13.Bxb4 Bxb4+ 14.Kf1 Bb7 15.Qc2 Ra3
16.Rb1 Be7 17.Rb3 Bxf3 18.gxf3 Qa8 19.Rxa3 Qxa3 20.Rg1 g6 21.Rg4 Bb4 22.h4 Qc3
23.Qxc3 Bxc3 24.Ke2 h5 25.Re4 Ke7 26.Bc2 Ra8 27.Kd3 Bb4 28.Bb3 f5 29.Re3 Kf7
30.f4 Be7 31.Rh3 c5 32.d5 exd5 33.cxd5 b5 34.d6+ c4+ 35.Bxc4+ bxc4+ 36.Kxc4
Bd8 37.Kb3 Rb8+ 38.Kc2 Rb4 0-1

[Event "Cto Equipos Aragon 2012 Preferente A"]
[Site "Aragon"]
[Date "2012.03.24"]
[Round "8.43"]
[White "Bailo Remacha Santiago"]
[Black "Belmonte Barragan Avelino"]
[Result "1-0"]
[WhiteElo "2027"]
[BlackElo "1799"]

1.b3 d5 2.Bb2 c5 3.Nf3 Nf6 4.g3 Bf5 5.Bg2 e6 6.O-O Bd6 7.c4 O-O 8.cxd5 exd5 9.
d4 cxd4 10.Qxd4 Nc6 11.Qa4 Bd7 12.Qh4 Be7 13.Qg5 h6 14.Qd2 Be6 15.e3 Rc8 16.
Nc3 Bb4 17.Qe2 a6 18.Rfd1 Qe7 19.a3 Bc5 20.b4 Ba7 21.b5 axb5 22.Nxb5 Bc5 23.h3
Na5 24.Ne5 Nb3 25.Rab1 Bf5 26.Nd3 Na5 27.Rbc1 Nc4 28.Bxf6 gxf6 29.Nxc5 Rxc5
30.Rxd5 Rxd5 31.Bxd5 Nxa3 32.Nxa3 Qxa3 33.Rc7 Qa5 34.Qc4 Bg6 35.Rxb7 Qa1+ 36.
Kg2 Qe5 37.e4 f5 38.f4 Qd6 39.exf5 Bxf5 40.Bxf7+ Kh8 41.Qc3+ Kh7 42.Be6+ 1-0

[Event "Cto Equipos Aragon 2012 Preferente A"]
[Site "Aragon"]
[Date "2012.03.24"]
[Round "8.44"]
[White "Navarro Gomez Melchor"]
[Black "Cervera Jimenez Javier"]
[Result "1-0"]
[WhiteElo "1493"]
[BlackElo "1878"]

1.d4 Nf6 2.Nf3 g6 3.e3 Bg7 4.Nbd2 d5 5.Be2 O-O 6.O-O c5 7.dxc5 Nbd7 8.c3 Nxc5
9.b3 Nfe4 10.Nxe4 Nxe4 11.Qc2 Nxc3 12.Bb2 Nxe2+ 13.Qxe2 Bg4 14.Bxg7 Kxg7 15.
Qb2+ f6 16.Nd4 Rc8 17.f3 Bd7 18.f4 Qb6 19.Rae1 Qc5 20.f5 Bxf5 $4 21.Rxf5 gxf5
22.Ne6+ 1-0

[Event "Cto Equipos Aragon 2012 Preferente A"]
[Site "Aragon"]
[Date "2012.03.24"]
[Round "8.45"]
[White "Dominguez Bujeda Jesus"]
[Black "Malo Guillen Jose Luis"]
[Result "1/2-1/2"]
[WhiteElo "2127"]
[BlackElo "2189"]

1.d4 d5 2.c4 e6 3.Nc3 c5 4.cxd5 exd5 5.Nf3 Nc6 6.g3 Nf6 7.Bg2 Be7 8.O-O O-O 9.
Bg5 c4 10.Ne5 Be6 11.e3 Nd7 12.Bxe7 Nxe7 13.f4 f6 14.f5 Bxf5 15.Rxf5 Nxf5 16.
Bxd5+ Kh8 17.Nf7+ Rxf7 18.Bxf7 Qe7 19.Qf3 Nd6 20.Bd5 Nb6 21.Re1 f5 22.Qf4 Nd7
23.a4 Nf6 24.Qf1 Rc8 25.Qh3 Re8 26.Bf3 b6 27.Bc6 Rc8 28.Bf3 Re8 29.Bc6 Rc8 30.
Bf3 1/2-1/2

[Event "Cto Equipos Aragon 2012 Preferente A"]
[Site "Aragon"]
[Date "2012.03.24"]
[Round "8.46"]
[White "Alonso Blasco Jose Miguel"]
[Black "Barcena Laguia Francisco"]
[Result "1-0"]
[WhiteElo "2119"]
[BlackElo "1922"]

1.e4 c5 2.Nf3 Nc6 3.Bb5 g6 4.O-O Bg7 5.c3 Nf6 6.e5 Ng4 7.d4 cxd4 8.cxd4 O-O 9.
h3 Nh6 10.Nc3 d6 11.Bf4 dxe5 12.dxe5 Bd7 13.Qd2 Nf5 14.g4 g5 15.Bxg5 Bxe5 16.
gxf5 f6 17.Bh6 Bxf5 18.Bxc6 bxc6 19.Nxe5 Qxd2 20.Bxd2 fxe5 21.Kh2 Rad8 22.Rg1+
Kh8 23.Bh6 Rf7 24.Rad1 Rd6 25.Be3 a6 26.Bc5 Rxd1 27.Rxd1 Kg7 28.Re1 Kf6 29.
Ne4+ Bxe4 30.Rxe4 Ke6 31.Be3 1-0

[Event "Cto Equipos Aragon 2012 Preferente A"]
[Site "Aragon"]
[Date "2012.03.24"]
[Round "8.47"]
[White "Gil Pineiro David"]
[Black "Javierre Conesa Alfonso"]
[Result "1/2-1/2"]
[WhiteElo "1918"]
[BlackElo "2045"]

1.c4 c6 2.g3 d5 3.Bg2 Nf6 4.Nf3 Bf5 5.cxd5 cxd5 6.Qb3 Qc8 7.Nc3 e6 8.d3 Nc6 9.
Bf4 Be7 10.O-O O-O 11.Rac1 Qd7 12.Rfd1 Bg4 13.Ne5 Nxe5 14.Bxe5 Bd6 15.Bxd6
Qxd6 16.Rd2 Rfc8 17.Rdc2 Qd7 18.Qb5 Rc6 19.h3 Bf5 20.Qb3 Rac8 21.Na4 b6 22.g4
1/2-1/2

[Event "Cto Equipos Aragon 2012 Preferente A"]
[Site "Aragon"]
[Date "2012.03.24"]
[Round "8.49"]
[White "Alonso Fdez-Revuelta Rodrigo"]
[Black "Sierra Aguerri Joaquin"]
[Result "1-0"]
[WhiteElo "2021"]
[BlackElo "2086"]

1.e4 d5 2.exd5 Qxd5 3.Nc3 Qd6 4.d4 Nf6 5.Nf3 a6 6.Bd3 Bg4 7.Ne4 Nxe4 8.Bxe4
Nc6 9.c3 O-O-O 10.Qd3 e5 11.Bf5+ Bxf5 12.Qxf5+ Kb8 13.Nxe5 g6 14.Nxc6+ Qxc6
15.Qf3 Qb5 16.Be3 f5 17.Qe2 Qd5 18.O-O Bd6 19.c4 Qe4 20.c5 Bxc5 21.dxc5 f4 22.
Qg4 g5 23.Rad1 Rxd1 24.Rxd1 h5 25.Qf3 Qxf3 26.gxf3 fxe3 27.fxe3 Rf8 28.Kf2 Rf5
29.b4 a5 30.a3 Ka7 31.Rd7 c6 32.h3 Ka6 33.e4 Re5 34.Ke3 Re8 35.Rg7 Rd8 36.Rxg5
Kb5 37.bxa5 Kc4 38.Rxh5 Rd3+ 39.Kf4 Rxa3 40.Rf5 Rxa5 41.h4 Kd4 42.h5 Ra1 43.h6
Rh1 44.Kg5 Rg1+ 45.Kf6 Rh1 46.Kg6 Rg1+ 47.Rg5 Rh1 48.h7 Ke3 49.e5 Kf4 50.Rf5+
1-0

[Event "Cto Equipos Aragon 2012 Preferente A"]
[Site "Aragon"]
[Date "2012.03.24"]
[Round "8.50"]
[White "Fernandez Rubio Rafael"]
[Black "Lucea Valero Alejandro"]
[Result "1-0"]
[WhiteElo "2064"]
[BlackElo "1962"]

1.c4 e5 2.Nc3 Nc6 3.g3 g6 4.Bg2 f5 5.d3 Bg7 6.e4 d6 7.Qa4 f4 8.gxf4 Bd7 9.Qd1
Qh4 10.Nf3 Qg4 11.Rg1 exf4 12.Nd5 O-O-O 13.Nxf4 Ne5 14.Nxe5 dxe5 15.Qxg4 Bxg4
16.Bf1 Nf6 17.Rxg4 Nxg4 18.Ne6 Nxh2 19.Nxd8 Nf3+ 20.Kd1 Rxd8 21.Be3 Nd4 22.
Bh3+ Kb8 23.Kd2 Bf8 24.Rh1 Bb4+ 25.Kd1 Nc6 26.Ke2 Nd4+ 27.Bxd4 exd4 28.Be6 Rh8
29.Bf7 g5 30.e5 Kc8 31.Kf3 Be7 32.Ke4 c5 33.b4 b6 34.bxc5 bxc5 35.Kf5 Kd7 36.
Rb1 Kc7 37.Ke6 Bd8 38.Rh1 a6 39.Rh6 g4 40.Kf5 a5 41.Kxg4 Be7 42.Ra6 Rf8 43.
Ra7+ Kd8 44.e6 1-0

[Event "Cto Equipos Aragon 2012 Preferente A"]
[Site "Aragon"]
[Date "2012.03.24"]
[Round "8.51"]
[White "Buil Montanes Carlos"]
[Black "Vera Jimenez Andres"]
[Result "1/2-1/2"]
[WhiteElo "1924"]
[BlackElo "2005"]

1.d4 d5 2.Nf3 Nf6 3.c4 e6 4.Nc3 c6 5.e3 Nbd7 6.Qc2 Bd6 7.Bd3 O-O 8.O-O Qe7 9.
e4 dxe4 10.Nxe4 Nxe4 11.Bxe4 Nf6 12.Bd3 h6 13.b3 b6 14.Bb2 Bb7 15.Ne5 Rac8 16.
Rad1 Rfd8 17.Qe2 c5 18.dxc5 Bxc5 19.Ng4 Nxg4 20.Qxg4 Qg5 21.Qxg5 hxg5 22.Be2
Be4 23.Rxd8+ Rxd8 24.Rd1 Rxd1+ 25.Bxd1 Bd3 26.g3 f6 27.Kg2 Kf7 28.h3 e5 29.Bc3
a5 30.f3 Ke6 31.Bd2 Bb1 32.a4 Kf5 33.g4+ Ke6 34.Be1 e4 35.fxe4 Bxe4+ 36.Kg3
Ke5 37.Bc3+ Bd4 38.Bd2 Bd3 39.h4 gxh4+ 40.Kxh4 Bf2+ 41.Kh5 Kd4 42.b4 Bxc4 43.
Bc2 axb4 44.Bxb4 Bf7+ 45.Bg6 Bb3 46.a5 bxa5 47.Bxa5 Ke5 48.Bc7+ Ke6 49.Bf5+
Kf7 50.Bg6+ Ke7 51.Bf5 g5 52.Kg6 Bf7+ 53.Kg7 Be8 54.Ba5 Ba4 55.Bb4+ Kd8 56.
Ba5+ Ke7 57.Bb4+ 1/2-1/2

[Event "Cto Equipos Aragon 2012 Preferente A"]
[Site "Aragon"]
[Date "2012.03.24"]
[Round "8.52"]
[White "Sancho Casale Jesus"]
[Black "Minguez Guinda Andres"]
[Result "0-1"]
[WhiteElo "1912"]
[BlackElo "1923"]

1.e4 e5 2.Nf3 Nc6 3.d4 exd4 4.Bc4 Nf6 5.e5 d5 6.Bb5 Ne4 7.Nxd4 Bd7 8.Bxc6 bxc6
9.f3 Qh4+ 10.Ke2 Qf2+ 11.Kd3 c5 12.fxe4 Qxd4+ 0-1

[Event "Cto Equipos Aragon 2012 Preferente B"]
[Site "Aragon"]
[Date "2012.03.24"]
[Round "8.53"]
[White "Gella Lopez Angel"]
[Black "Hernandez Delgado Gabriel"]
[Result "1-0"]
[WhiteElo "2080"]
[BlackElo "1986"]

1.Nf3 g6 2.d4 Bg7 3.c4 c5 4.d5 f5 5.e4 fxe4 6.Ng5 Qb6 7.Qc2 Qb4+ 8.Nc3 Bxc3+
9.bxc3 Qa5 10.Nxe4 d6 11.Bd3 Bf5 12.Ng5 Bxd3 13.Qxd3 Nf6 14.Ne6 Nbd7 15.O-O
Ne5 16.Qe2 Kd7 17.f4 Nf7 18.Re1 Rae8 19.Ng7 Kc7 20.Rb1 b6 21.Rb3 Qa6 22.Ra3
Qb7 23.Nxe8+ Rxe8 24.Qe6 Nd8 25.Qh3 Nf7 26.Rb3 Kd8 27.Rb2 Qd7 28.Re6 Kc7 29.
Qh4 Nd8 30.Re1 Qf5 31.Rbe2 Kd7 32.Qg3 h5 33.a4 a5 34.Qe3 Kc7 35.Qd2 Ng8 36.Qb2
Nf7 37.Re6 Nd8 38.Qb5 h4 39.Qxe8 Nxe6 40.dxe6 Qg4 41.h3 1-0